Missing Word: Adele Songs (A-Z) Quiz Stats

 Plays Quiz Updated Jul 30, 2018

Challenge
Share
Tweet
Embed
Score 0/20 Timer 03:00
5 Plays Today
Song Missing Word % Correct
Water _____ the BridgeUnder
96.6%
Crazy for _____ You
96.3%
_____ We Were YoungWhen
95.9%
Melt My _____ to StoneHeart
95.6%
Rolling in the _____Deep
94.6%
_____ It Hadn't Been For LoveIf
93.8%
Set _____ to the RainFire
93.1%
That's It, I _____ , I'm Moving OnQuit
91.3%
One and _____ Only
91%
Send My Love (To Your _____ Lover)New
88.1%
Song Missing Word % Correct
_____ Like YouSomeone
86.9%
_____ ShoulderCold
84.4%
_____ Has ItRumour
80.2%
_____ TablesTurning
79.4%
_____ for LastBest
70.7%
All I _____Ask
64%
_____ in the DarkLove
56.9%
Chasing _____ Pavements
55.3%
_____ Years AgoMillion
49.5%
Hometown _____ Glory
28.5%

Today's Daily Dose

You're not logged in!

Compare scores with friends on all Sporcle quizzes.
Join for Free
OR
Log In

You Might Also Like...

Show Comments

Extras

Top Quizzes Today


Score Distribution

Your Account Isn't Verified!

In order to create a playlist on Sporcle, you need to verify the email address you used during registration. Go to your Sporcle Settings to finish the process.

Report this User

Report this user for behavior that violates our Community Guidelines.

Details: